000 00501nam a22001937a 4500
003 MPLRDC
005 20220104190926.0
008 210129b ||||| |||| 00| 0 eng d
020 _a978-957-10-4560-3
082 _a861.57 DCDZ v.1
100 _a东川笃哉
245 _a推理要在晚餐后
_c黄健育 译
250 _a一版五刷
260 _a台湾
_b尖端出版
_c2011
300 _b
490 _a逆思流
650 _a日本文学--长篇小说
942 _cBK
_o861.57 DCDZ v.1
999 _c64011
_d64001